Normal view
MARC view
Entry Personal Name
001 - CONTROL NUMBER
- control field: 164081
003 - CONTROL NUMBER IDENTIFIER
- control field: OSt
005 - DATE AND TIME OF LATEST TRANSACTION
- control field: 20220923220258.0
008 - FIXED-LENGTH DATA ELEMENTS
- fixed length control field: 220923|| aca||aabn | a|a d
040 ## - CATALOGING SOURCE
- Original cataloging agency: OSt
- Transcribing agency: OSt
100 ## - HEADING--PERSONAL NAME
- Personal name: साने गुरूजी, पांडुरंग सदाशिव; जोशी, बाबूराम, अनु
670 ## - SOURCE DATA FOUND
- Source citation: Work cat.: (OSt)338897: साने गुरूजी, पांडुरंग सदाशिव; जोशी, बाबूराम, अनु., भारतीय संस्कृति, 1964
